हिन्दी साहित्य में दलित अस्मिता / (Record no. 120417)

MARC details
000 -LEADER
fixed length control field 01137nam a22002777a 4500
003 - CONTROL NUMBER IDENTIFIER
control field dpl
005 - DATE AND TIME OF LATEST TRANSACTION
control field 20190225135853.0
008 - FIXED-LENGTH DATA ELEMENTS--GENERAL INFORMATION
fixed length control field 190225b ||||| |||| 00| 0 eng d
010 ## - LIBRARY OF CONGRESS CONTROL NUMBER
LC control number B-246663
020 ## - INTERNATIONAL STANDARD BOOK NUMBER
Terms of availability 300.00
International Standard Book Number 8189076019
035 ## - SYSTEM CONTROL NUMBER
System control number B-246663, B-246667
037 ## - SOURCE OF ACQUISITION
Source of stock number/acquisition Cen Lib/Ret
040 ## - CATALOGING SOURCE
Original cataloging agency DPL
Language of cataloging HN
Transcribing agency 0
082 ## - DEWEY DECIMAL CLASSIFICATION NUMBER
Classification number 820
Item number कालीच
100 ## - MAIN ENTRY--PERSONAL NAME
Personal name कालीचरण
9 (RLIN) 90321
245 ## - TITLE STATEMENT
Title हिन्दी साहित्य में दलित अस्मिता /
Statement of responsibility, etc कालीचरण
246 ## - VARYING FORM OF TITLE
Title proper/short title Hindi sahitye me dalit asmita /
Remainder of title by Kalicharan
260 ## - PUBLICATION, DISTRIBUTION, ETC. (IMPRINT)
Place of publication, distribution, etc कानपुर
Name of publisher, distributor, etc आराधना ब्रदर्स
Date of publication, distribution, etc 2006
270 ## - ADDRESS
City कानपुर
Address 124/152 सी-गोविन्द नगर
Postal code 208006
300 ## - PHYSICAL DESCRIPTION
Extent 200पृ.
Dimensions 20सेमी(सजिल्द)
650 ## - SUBJECT ADDED ENTRY--TOPICAL TERM
Topical term or geographic name as entry element दलित साहित्य
9 (RLIN) 90322
650 ## - SUBJECT ADDED ENTRY--TOPICAL TERM
Topical term or geographic name as entry element दलित चेतना -- हिन्दी काव्य
9 (RLIN) 90323
650 ## - SUBJECT ADDED ENTRY--TOPICAL TERM
Topical term or geographic name as entry element Dalit literature
9 (RLIN) 90324
650 ## - SUBJECT ADDED ENTRY--TOPICAL TERM
Topical term or geographic name as entry element Dalit consciousness - Hindi Poetry
9 (RLIN) 90325
942 ## - ADDED ENTRY ELEMENTS (KOHA)
Source of classification or shelving scheme Dewey Decimal Classification
Koha item type Hindi Books
Classification part 820
Call number suffix कालीच
Holdings
Withdrawn status Lost status Damaged status Not for loan Home library Current library Date acquired Source of acquisition Cost, normal purchase price Total Checkouts Total Renewals Full call number Barcode Date last seen Date checked out Copy number Cost, replacement price Price effective from Koha item type Source of classification or shelving scheme Collection code
        Central Library Central Library 22/09/2015 Cen Lib/Ret 300.00 5 1 820 कालीच B-246663 23/02/2022 17/02/2022 1 300.00 22/09/2015 Hindi Books    
        Sarojini Nagar Sarojini Nagar 10/10/2018         820 कालीच B-246665 10/10/2018       10/10/2018 Hindi Books Dewey Decimal Classification Fiction
        Shahdara Branch Shahdara Branch 25/02/2019 BPPD/PUB 300.00     820 कालीच B-246667 25/02/2019     300.00 25/02/2019 Hindi Books Dewey Decimal Classification Non-fiction

© Delhi Public Library
Hit Counter
free hit counter